[Event "Asian Individual 2025"]
[Site "Al Ain UAE"]
[Date "2025.05.07"]
[Round "1.1"]
[White "Bersamina, Paulo"]
[Black "Nihal, Sarin"]
[Result "1/2-1/2"]
[WhiteTitle "IM"]
[BlackTitle "GM"]
[WhiteElo "2426"]
[BlackElo "2693"]
[WhiteFideId "5206995"]
[BlackFideId "25092340"]
[EventDate "2025.05.07"]

1. d4 Nf6 2. Nf3 d5 3. e3 c5 4. Bd3 Nc6 5. O-O Bg4 6. c3 e6 7. Nbd2 Bd6 8. dxc5
Bxc5 9. e4 Qc7 10. exd5 Nxd5 11. Ne4 Be7 12. h3 Bf5 13. Ng3 Bxd3 14. Qxd3 O-O-O
15. Qe2 Nf4 16. Bxf4 Qxf4 17. Rfd1 h5 18. Rxd8+ Bxd8 19. Rd1 Bc7 20. Ne4 h4 21.
Nc5 Rd8 22. Rxd8+ Bxd8 23. Qd1 Qc7 24. b4 Be7 25. Nb3 Bf6 26. Qd2 Ne7 27. Nc5
Nd5 28. Nd4 Be7 29. Nb5 Qb6 30. c4 Nf6 31. a4 Bxc5 32. bxc5 Qxc5 33. Qf4 Kd7 34.
Qb8 Ke7 35. Qxb7+ Nd7 36. Nxa7 Qxc4 37. Nc6+ Kf6 38. Qc7 g5 39. a5 Qc1+ 40. Kh2
Qf4+ 41. Qxf4+ gxf4 42. a6 Nb6 43. Nd4 e5 44. Nf3 e4 45. Nxh4 Kg5 46. g3 f3 47.
Kg1 Nc8 48. Kf1 f5 49. Ke1 f4 50. Nxf3+ exf3 51. g4 Na7 52. Kd2 Nc6 53. Kc3 Kh4
54. Kc4 Kxh3 55. Kc5 Kg2 56. Kxc6 Kxf2 57. a7 Kg1 58. a8=Q f2 59. Qa7 Kg2 60.
Kd5 f1=Q 1/2-1/2

[Event "Asian Individual 2025"]
[Site "Al Ain UAE"]
[Date "2025.05.07"]
[Round "1.2"]
[White "Tabatabaei, M. Amin"]
[Black "Dau Khuong Duy"]
[Result "1-0"]
[WhiteTitle "GM"]
[BlackTitle "IM"]
[WhiteElo "2670"]
[BlackElo "2423"]
[WhiteFideId "12521213"]
[BlackFideId "12424722"]
[EventDate "2025.05.07"]

1. d4 Nf6 2. c4 g6 3. Nc3 Bg7 4. e4 d6 5. Nf3 O-O 6. Be2 e5 7. O-O Bg4 8. d5 a5
9. h3 Bxf3 10. Bxf3 h5 11. Bg5 Nbd7 12. g3 Nc5 13. Bg2 Qd7 14. h4 Kh7 15. Qe2
Ng8 16. Be3 Nf6 17. f3 Bh6 18. Bf2 Qe7 19. Bh3 Ne8 20. f4 exf4 21. gxf4 Ng7 22.
e5 f6 23. Bxc5 dxc5 24. d6 cxd6 25. Nd5 Qe8 26. e6 f5 27. Rfe1 Qc6 28. Bg2 Rae8
29. e7 Rf7 30. Nf6+ Rxf6 31. Bxc6 bxc6 32. Qf3 Rf7 33. Kf1 Rfxe7 34. Rxe7 Rxe7
35. Re1 Rc7 36. Kf2 Rb7 37. b3 d5 38. Rc1 Re7 39. cxd5 cxd5 40. Qxd5 Bxf4 41.
Qxc5 Re5 42. Qc3 Rd5 43. Qc4 Rd2+ 44. Ke1 Bh6 45. Qf7 1-0

[Event "Asian Individual 2025"]
[Site "Al Ain UAE"]
[Date "2025.05.07"]
[Round "1.3"]
[White "Matinian, Nikita"]
[Black "Yakubboev, Nodirbek"]
[Result "1/2-1/2"]
[WhiteTitle "GM"]
[BlackTitle "GM"]
[WhiteElo "2420"]
[BlackElo "2665"]
[WhiteFideId "24129100"]
[BlackFideId "14203987"]
[EventDate "2025.05.07"]

1. e4 c5 2. Nf3 d6 3. Bb5+ Nd7 4. O-O a6 5. Bxd7+ Bxd7 6. c3 Nf6 7. Re1 e6 8. d4
Be7 9. e5 dxe5 10. dxe5 Nd5 11. c4 Nb4 12. a3 Nc6 13. Bf4 Na5 14. Nbd2 Bc6 15.
Qc2 g5 16. b4 gxf4 17. bxa5 Qxa5 18. Ne4 O-O-O 19. Qc1 Qa4 20. Qxf4 Rhf8 21.
Rab1 Qxa3 22. Rb6 Kc7 23. Rbb1 Rd3 24. h3 Rb3 25. Rbd1 Kb8 26. Nfg5 Bxe4 27.
Nxe4 Qa4 28. Nf6 Bxf6 29. exf6+ Ka8 30. Qc7 Qc6 31. Qe7 Rg8 32. Rd8+ Rxd8 33.
Qxd8+ Ka7 34. Qe7 Rb6 35. Qxf7 e5 36. Qxh7 Qxf6 37. Qc7 Rc6 38. Qd7 Rd6 39. Qc7
Rc6 40. Qd7 Rd6 41. Qc7 Qd8 1/2-1/2

[Event "Asian Individual 2025"]
[Site "Al Ain UAE"]
[Date "2025.05.07"]
[Round "1.4"]
[White "Karthikeyan, Murali"]
[Black "Cao, Qingfeng"]
[Result "1-0"]
[WhiteTitle "GM"]
[WhiteElo "2658"]
[BlackElo "2420"]
[WhiteFideId "5074452"]
[BlackFideId "8627568"]
[EventDate "2025.05.07"]

1. e4 c6 2. d4 d5 3. exd5 cxd5 4. c4 Nf6 5. Nc3 e6 6. Nf3 Bb4 7. cxd5 exd5 8.
Bd3 O-O 9. Ne5 Nbd7 10. O-O Nxe5 11. dxe5 Bxc3 12. bxc3 Ne4 13. Qc2 Bf5 14. Be3
Rc8 15. Bd4 Bg6 16. Qb2 Qc7 17. f4 Nc5 18. Be2 Be4 19. Bg4 Ne6 20. Rac1 g6 21.
Bxa7 Ra8 22. Bd4 Rfc8 23. h3 Ra4 24. Bxe6 fxe6 25. Rcd1 Qc4 26. Rf2 b5 27. a3
Kf7 28. Kh2 h5 29. f5 gxf5 30. Qc1 Rg8 31. Qh6 Qc6 32. Qxh5+ Rg6 33. g4 Ra8 34.
gxf5 Bxf5 35. Rg1 Rg8 36. Rg5 Qe8 37. Rgxf5+ exf5 38. Qxf5+ Ke7 39. a4 bxa4 40.
Bc5+ Kd8 41. Rb2 Kc7 42. Bd6+ Rxd6 43. exd6+ Kc6 44. c4 dxc4 45. Qb5+ Kxd6 46.
Rd2+ Kc7 47. Qxc4+ Kb7 48. Rb2+ Ka8 49. Qa6# 1-0

[Event "Asian Individual 2025"]
[Site "Al Ain UAE"]
[Date "2025.05.07"]
[Round "1.5"]
[White "Chinguun, Sumiya"]
[Black "Vokhidov, Shamsiddin"]
[Result "0-1"]
[WhiteTitle "FM"]
[BlackTitle "GM"]
[WhiteElo "2419"]
[BlackElo "2641"]
[WhiteFideId "4902572"]
[BlackFideId "14204223"]
[EventDate "2025.05.07"]

1. e4 c5 2. Nf3 d6 3. d4 cxd4 4. Nxd4 Nf6 5. Nc3 a6 6. Be3 e5 7. Nb3 Be7 8. h3
Nbd7 9. a4 b6 10. g4 Bb7 11. Bg2 h6 12. Qd2 Rc8 13. O-O-O O-O 14. f3 b5 15. axb5
axb5 16. Nxb5 d5 17. Qa5 d4 18. Qxd8 Rfxd8 19. Bf2 Nc5 20. Nxc5 Rxc5 21. Na3
Rdc8 22. Bf1 R5c6 23. Bb5 Rb6 24. Bd3 Bxa3 25. bxa3 Rc3 26. a4 Ba6 27. Be1 Ra3
28. a5 Ra1+ 29. Kd2 Rxa5 30. Bxa6 Raxa6 31. Bg3 Nd7 32. Rb1 Ra3 33. Rxb6 Nxb6
34. Ke2 Nc4 35. Be1 Ne3 36. c3 Nc2 37. Bg3 f6 38. Rc1 Rxc3 39. Bf2 Rb3 40. h4 h5
41. gxh5 Kh7 42. f4 exf4 43. Bg1 f3+ 44. Kf2 Rc3 45. Kg3 Kh6 46. Rd1 f2+ 47.
Kxf2 Kxh5 48. Ke2 Kxh4 49. Bf2+ Kg4 50. Rg1+ Kf4 51. Rxg7 Ne3 52. Bg3+ Kxe4 53.
Re7+ Kf5 54. Rd7 Ng4 55. Bh4 Rc2+ 56. Kd1 Ne3+ 57. Ke1 Ke4 58. Bg5 Kf3 59. Rxd4
Re2# 0-1

[Event "Asian Individual 2025"]
[Site "Al Ain UAE"]
[Date "2025.05.07"]
[Round "1.6"]
[White "Nguyen, Ngoc Truong Son"]
[Black "Sapenov, Daniyal"]
[Result "1/2-1/2"]
[WhiteTitle "GM"]
[BlackTitle "IM"]
[WhiteElo "2632"]
[BlackElo "2415"]
[WhiteFideId "12401110"]
[BlackFideId "13728911"]
[EventDate "2025.05.07"]

1. d4 Nf6 2. Nf3 e6 3. c4 d5 4. g3 dxc4 5. Qa4+ Nbd7 6. Bg2 a6 7. Qxc4 b5 8. Qd3
Bb7 9. O-O c5 10. Nc3 Rc8 11. dxc5 Bxc5 12. a3 O-O 13. Be3 Qb6 14. Bxc5 Nxc5 15.
Qe3 Na4 16. Qxb6 Nxb6 17. Ne5 Bxg2 18. Kxg2 Nc4 19. Nxc4 Rxc4 20. Rfd1 b4 21.
axb4 Rxb4 22. Rd2 Rb6 23. Ra5 Rfb8 24. Na4 Rc6 25. Rc5 Rxc5 26. Nxc5 a5 27. Nb7
Ne4 28. Rd7 a4 29. f3 Nf6 30. Rd2 Nd5 31. Nc5 Ne3+ 32. Kf2 Nc4 33. Rd4 Nxb2 34.
Nxa4 Nxa4 1/2-1/2

[Event "Asian Individual 2025"]
[Site "Al Ain UAE"]
[Date "2025.05.07"]
[Round "1.7"]
[White "Tarigan, Gilbert Elroy"]
[Black "Salem, A.R. Saleh"]
[Result "0-1"]
[WhiteTitle "IM"]
[BlackTitle "GM"]
[WhiteElo "2415"]
[BlackElo "2631"]
[WhiteFideId "7108133"]
[BlackFideId "9301348"]
[EventDate "2025.05.07"]

1. e4 c5 2. Nf3 d6 3. d4 cxd4 4. Nxd4 Nf6 5. Nc3 a6 6. Be2 e5 7. Nb3 Be7 8. O-O
O-O 9. Qd3 Be6 10. Rd1 Nbd7 11. Nd5 Bxd5 12. exd5 g6 13. c4 b6 14. a4 Nc5 15.
Nxc5 bxc5 16. b4 Nd7 17. Ba3 Rc8 18. a5 cxb4 19. Bxb4 Nc5 20. Qa3 e4 21. Rab1
Re8 22. Bxc5 Rxc5 23. Rb6 e3 24. f3 Bf6 25. Rxa6 Be5 26. g3 Bxg3 27. hxg3 Qc8
28. Rxd6 Qh3 29. Qxc5 Qxg3+ 30. Kh1 Qh3+ 31. Kg1 Qg3+ 32. Kh1 Qh4+ 33. Kg2 Qf2+
34. Kh3 Qxe2 35. Qd4 Qxf3+ 36. Kh2 Qf2+ 37. Kh3 e2 38. Qxf2 exd1=Q 39. a6 Qd3+
40. Kg2 Re2 0-1

[Event "Asian Individual 2025"]
[Site "Al Ain UAE"]
[Date "2025.05.07"]
[Round "1.8"]
[White "Idani, Pouya"]
[Black "Tan, Jun Ying"]
[Result "0-1"]
[WhiteTitle "GM"]
[BlackTitle "FM"]
[WhiteElo "2630"]
[BlackElo "2414"]
[WhiteFideId "12510130"]
[BlackFideId "5710413"]
[EventDate "2025.05.07"]

1. e4 c5 2. Nf3 d6 3. d4 cxd4 4. Nxd4 Nf6 5. Nc3 Nc6 6. Bg5 e6 7. Qd2 a6 8.
O-O-O Bd7 9. Kb1 Nxd4 10. Qxd4 Be7 11. f3 Qc7 12. h4 b5 13. Qd2 h6 14. Be3 h5
15. Bg5 b4 16. Ne2 a5 17. c4 e5 18. Ng3 g6 19. Be2 Be6 20. f4 O-O-O 21. f5 Bd7
22. Rhf1 Rhf8 23. Qc2 Bc6 24. Rf3 Rde8 25. Rdf1 Ng4 26. f6 Bd8 27. Rd3 Re6 28.
Bxg4 hxg4 29. Qe2 Bd7 30. Qd2 Bc6 31. Qd1 Kb8 32. Qxg4 Bb7 33. b3 Qc6 34. Qe2
Bb6 35. Re1 Bd4 36. Be3 Bc3 37. Bd2 Bd4 38. Rf3 Rh8 39. h5 gxh5 40. Nf5 Ree8 41.
Qd3 Bc5 42. Re2 Rd8 43. Rg3 Qd7 44. Qf3 Rdg8 45. Rg7 Qe6 46. Nh6 Rf8 47. Re1 Bd4
48. Rh1 Bc3 49. Bg5 a4 50. Rxh5 axb3 51. axb3 d5 52. exd5 Qa6 53. Qe4 Bxd5 54.
cxd5 Rc8 55. Kc2 Qa1 56. Rxf7 Be1+ 0-1

[Event "Asian Individual 2025"]
[Site "Al Ain UAE"]
[Date "2025.05.07"]
[Round "1.9"]
[White "Atakhan, Abtin"]
[Black "Mendonca, Leon Luke"]
[Result "1/2-1/2"]
[WhiteTitle "IM"]
[BlackTitle "GM"]
[WhiteElo "2410"]
[BlackElo "2630"]
[WhiteFideId "22502203"]
[BlackFideId "35028561"]
[EventDate "2025.05.07"]

1. Nf3 Nf6 2. c4 b6 3. g3 Bb7 4. Bg2 g6 5. b3 Bg7 6. Bb2 O-O 7. O-O e6 8. d4 Qe7
9. Nc3 Ne4 10. Qc2 Nxc3 11. Bxc3 d6 12. e4 Nd7 13. Rfe1 c5 14. dxc5 bxc5 15.
Rad1 Rad8 16. Ba5 Nb6 17. h4 Bc6 18. Bd2 h6 19. Bc3 Bxc3 20. Qxc3 e5 21. Qd2 Kg7
22. Nh2 Na8 23. Ng4 h5 24. Qh6+ Kg8 25. Ne3 Nc7 26. Nf5 Qf6 27. Rd3 Ne8 28. Ne3
Qg7 29. Qxg7+ Kxg7 30. Red1 a5 31. Nc2 Rb8 32. a4 Rb6 33. Na3 Nf6 34. f3 Rfb8
35. Nb5 Ne8 36. Bh3 Kf8 37. Kf2 Ke7 38. Ke3 Rd8 39. f4 Rbb8 40. Na7 Bb7 41. Nb5
Bc6 42. Na7 Bb7 43. Nb5 1/2-1/2

[Event "Asian Individual 2025"]
[Site "Al Ain UAE"]
[Date "2025.05.07"]
[Round "1.10"]
[White "Puranik, Abhimanyu"]
[Black "Audi, Ameya"]
[Result "1/2-1/2"]
[WhiteTitle "GM"]
[BlackTitle "IM"]
[WhiteElo "2624"]
[BlackElo "2408"]
[WhiteFideId "5061245"]
[BlackFideId "25034430"]
[EventDate "2025.05.07"]

1. Nf3 d5 2. g3 c5 3. Bg2 Nf6 4. O-O g6 5. c4 Bg7 6. Qa4+ Qd7 7. Qxd7+ Nbxd7 8.
d3 dxc4 9. dxc4 Ne4 10. Nbd2 Nd6 11. Rb1 Rb8 12. b3 b6 13. Rd1 Bb7 14. Ng5 h6
15. Nge4 Nxe4 16. Nxe4 f5 17. Nd2 Bxg2 18. Kxg2 Ne5 19. Nf3 Nxf3 20. Kxf3 Kf7
21. Be3 Rbd8 22. a3 h5 23. h4 Bf6 24. Rxd8 Rxd8 25. b4 cxb4 26. axb4 Rc8 27. c5
bxc5 28. bxc5 a5 29. Rb7 Bc3 30. Bg5 Rxc5 31. Bxe7 Rc6 32. Bg5+ Ke6 33. Ra7 Kd5
34. Bd8 Rc5 35. Kf4 Bd2+ 36. e3 Be1 37. f3 Kc4 38. Kg5 f4+ 39. Kxf4 Kb3 40. g4
a4 41. Be7 Rc4+ 42. e4 Bd2+ 43. Kg3 Be1+ 44. Kf4 Bd2+ 45. Kg3 Be1+ 46. Kf4 1/2-1/2

[Event "Asian Individual 2025"]
[Site "Al Ain UAE"]
[Date "2025.05.07"]
[Round "1.11"]
[White "Nurgaliyev, Sauat"]
[Black "Xu, Xiangyu"]
[Result "0-1"]
[WhiteTitle "IM"]
[BlackTitle "GM"]
[WhiteElo "2407"]
[BlackElo "2623"]
[WhiteFideId "13726285"]
[BlackFideId "8608288"]
[EventDate "2025.05.07"]

1. e4 c5 2. Nf3 Nc6 3. Bb5 e6 4. Bxc6 bxc6 5. b3 f6 6. O-O Nh6 7. d4 Nf7 8. c4
cxd4 9. Nxd4 Be7 10. Nc3 O-O 11. Be3 Qc7 12. Qd2 d6 13. Rad1 Re8 14. Nde2 Bb7
15. f3 Bf8 16. Bf2 c5 17. Qb2 Bc6 18. Rd2 Qb7 19. Rb1 Rab8 20. a3 Bd7 21. Qa2
Rec8 22. h3 a6 23. b4 cxb4 24. axb4 0-1

[Event "Asian Individual 2025"]
[Site "Al Ain UAE"]
[Date "2025.05.07"]
[Round "1.12"]
[White "Daneshvar, Bardiya"]
[Black "Bakhrillaev, Bakhrom"]
[Result "1-0"]
[WhiteTitle "GM"]
[BlackTitle "FM"]
[WhiteElo "2621"]
[BlackElo "2407"]
[WhiteFideId "12576468"]
[BlackFideId "14212285"]
[EventDate "2025.05.07"]

1. Nf3 Nf6 2. b3 d6 3. c4 g6 4. Bb2 Bg7 5. e3 O-O 6. Be2 e5 7. O-O e4 8. Nd4 c5
9. Nb5 a6 10. N5c3 Nc6 11. d3 exd3 12. Qxd3 d5 13. Nxd5 Nxd5 14. Bxg7 Ncb4 15.
Qd2 Kxg7 16. cxd5 Nxd5 17. Bf3 Nc7 18. Qc3+ Qf6 19. Qxf6+ Kxf6 20. Nc3 Kg7 21.
Na4 Ne6 22. Nb6 Rb8 23. Rac1 Ng5 24. Bd5 Rd8 25. Rxc5 Ne6 26. Ra5 Nc7 27. Rc1
Nxd5 28. Rxd5 Rxd5 29. Nxd5 Bf5 30. f3 Rd8 31. e4 Be6 32. Nf4 Kf6 33. Rc2 Rd1+
34. Kf2 a5 35. Ke2 Ra1 36. Ke3 b5 37. Kd4 a4 38. Kc3 1-0

[Event "Asian Individual 2025"]
[Site "Al Ain UAE"]
[Date "2025.05.07"]
[Round "1.13"]
[White "Garcia, Jan Emmanuel"]
[Black "Pranav, V"]
[Result "1-0"]
[WhiteTitle "IM"]
[BlackTitle "GM"]
[WhiteElo "2403"]
[BlackElo "2621"]
[WhiteFideId "5200750"]
[BlackFideId "25060783"]
[EventDate "2025.05.07"]

1. Nf3 d5 2. g3 Nc6 3. d4 Bf5 4. Bg2 Nb4 5. Na3 e6 6. O-O Be7 7. c3 Nc6 8. Nb1
h5 9. h4 Nf6 10. Bg5 Ne4 11. Bxe7 Qxe7 12. Nbd2 O-O-O 13. Nxe4 Bxe4 14. Nd2 Bxg2
15. Kxg2 e5 16. dxe5 Nxe5 17. Nf3 Ng4 18. Qd3 Kb8 19. Rad1 Rhe8 20. Rd2 Rd6 21.
Rfd1 a6 22. Qd4 g6 23. Qc5 Nf6 24. Ng5 Nd7 25. Qb4 Nb6 26. b3 Nc8 27. Nf3 Qd7
28. Qf4 Re4 29. Qh6 Ka7 30. Qg7 Nb6 31. a4 c5 32. c4 Qe7 33. e3 Nd7 34. Ng5 Rf6
35. Rxd5 Nb6 36. R5d3 Qe5 37. f4 Qe7 38. Kf2 Qe5 39. Ke2 Qf5 40. Nxe4 1-0

[Event "Asian Individual 2025"]
[Site "Al Ain UAE"]
[Date "2025.05.07"]
[Round "1.14"]
[White "Tin, Jingyao"]
[Black "Manon, Reja Neer"]
[Result "0-1"]
[WhiteTitle "GM"]
[BlackTitle "IM"]
[WhiteElo "2601"]
[BlackElo "2403"]
[WhiteFideId "5804418"]
[BlackFideId "10224009"]
[EventDate "2025.05.07"]

1. d4 Nf6 2. c4 g6 3. Nc3 Bg7 4. e4 d6 5. Nf3 O-O 6. Be2 e5 7. O-O Nc6 8. d5 Ne7
9. b4 a5 10. bxa5 Rxa5 11. a4 Nh5 12. Re1 f5 13. Bd2 Nf4 14. Bf1 Ra8 15. a5 c6
16. Qb3 fxe4 17. Nxe4 Kh8 18. Bb4 c5 19. Bd2 Ra6 20. Ra3 h6 21. g3 Nh5 22. Qd1
Nf6 23. Nxf6 Rxf6 24. Rb3 Qf8 25. Bg2 g5 26. Qe2 Nf5 27. h3 Ne7 28. Rf1 Nf5 29.
Qe4 Qf7 30. h4 gxh4 31. Nxh4 Nd4 32. Re3 Ra8 33. f4 Bf5 34. Nxf5 Rxf5 35. Bh3
exf4 36. Rxf4 Rxf4 37. gxf4 Bf6 38. Kh2 Qh5 39. Rg3 Re8 40. Qg6 Re2+ 41. Kh1
Qxg6 42. Rxg6 Rxd2 43. Rxf6 Nf3 44. Bg2 Rd1+ 45. Bf1 Rxf1+ 46. Kg2 Nd2 47. Rxh6+
Kg7 48. Rxd6 Rxf4 49. Rb6 Rf7 50. Rb5 Ne4 51. Rb6 Rd7 52. a6 bxa6 53. Rxa6 Rd6
54. Ra8 Kf6 55. Re8 Kf5 56. Re7 Ra6 57. Kf3 Nd2+ 58. Ke2 Nxc4 59. Rc7 Ra5 60.
Kd3 Nb6 61. d6 Ke6 0-1

[Event "Asian Individual 2025"]
[Site "Al Ain UAE"]
[Date "2025.05.07"]
[Round "1.15"]
[White "Arfan, Aditya Bagus"]
[Black "Narayanan, S.L."]
[Result "1/2-1/2"]
[WhiteTitle "IM"]
[BlackTitle "GM"]
[WhiteElo "2402"]
[BlackElo "2598"]
[WhiteFideId "7106041"]
[BlackFideId "5058422"]
[EventDate "2025.05.07"]

1. e4 c5 2. Nf3 Nc6 3. d4 cxd4 4. Nxd4 e5 5. Nb5 d6 6. N1c3 a6 7. Na3 Rb8 8. Be2
Be6 9. Nc4 Nd4 10. Bd3 g6 11. Nd5 Bg7 12. c3 Nc6 13. Be2 b5 14. Nce3 Nf6 15.
Nxf6+ Bxf6 16. Nd5 Bxd5 17. Qxd5 Ne7 18. Qd3 d5 19. a4 O-O 20. O-O dxe4 21. Qxe4
Qc7 22. axb5 axb5 23. Be3 Rfd8 24. Ra7 Qd6 25. Rb7 Rxb7 26. Qxb7 Nf5 27. Ba7 Rd7
28. Qa8+ Rd8 29. Qb7 Rd7 30. Qa8+ Rd8 31. Qb7 Ra8 1/2-1/2

[Event "Asian Individual 2025"]
[Site "Al Ain UAE"]
[Date "2025.05.07"]
[Round "1.16"]
[White "Paravyan, David"]
[Black "Gong, Sunle"]
[Result "1-0"]
[WhiteTitle "GM"]
[WhiteElo "2596"]
[BlackElo "2398"]
[WhiteFideId "4194985"]
[BlackFideId "8620229"]
[EventDate "2025.05.07"]

1. e4 e5 2. Nf3 Nf6 3. d4 Nxe4 4. Bd3 d5 5. Nxe5 Nd7 6. Nc3 Nxe5 7. dxe5 Nxc3 8.
bxc3 Bc5 9. Qh5 Be6 10. O-O h6 11. Kh1 Qe7 12. f4 g6 13. Qe2 O-O-O 14. a4 h5 15.
Rb1 c6 16. Be3 Rd7 17. Bd4 Bxd4 18. cxd4 Qa3 19. Qd2 h4 20. h3 Kb8 21. Rb4 Bf5
22. Rfb1 Bxd3 23. cxd3 Rc8 24. Qd1 a5 25. R4b3 Qe7 26. Qd2 c5 27. Qxa5 cxd4 28.
Qb6 Qc5 29. a5 Qxb6 30. axb6 Rc3 31. Rb5 Rxd3 32. Ra1 Rd8 33. Ra7 Re8 34. Rba5
Kc8 35. Rxd5 Kb8 36. Rd7 Rd1+ 37. Kh2 d3 38. Rdxb7+ Kc8 39. Rxf7 Kb8 40. Rfb7+
Kc8 41. Rd7 Kb8 42. Ra3 d2 43. b7 1-0

[Event "Asian Individual 2025"]
[Site "Al Ain UAE"]
[Date "2025.05.07"]
[Round "1.17"]
[White "Bai, Adelard"]
[Black "Gupta, Abhijeet"]
[Result "1/2-1/2"]
[WhiteTitle "IM"]
[BlackTitle "GM"]
[WhiteElo "2393"]
[BlackElo "2577"]
[WhiteFideId "16301188"]
[BlackFideId "5010608"]
[EventDate "2025.05.07"]

1. d4 Nf6 2. c4 g6 3. Nc3 d5 4. Bg5 Ne4 5. Bf4 Nxc3 6. bxc3 dxc4 7. e4 Bg7 8.
Bxc4 O-O 9. Ne2 c5 10. d5 Nd7 11. O-O Ne5 12. Bxe5 Bxe5 13. f4 Bg7 14. e5 Kh8
15. Ng3 Qa5 16. Qf3 b5 17. d6 exd6 18. Qxa8 bxc4 19. exd6 Qxc3 20. Kh1 Bg4 21.
Qxa7 Kg8 22. Qxc5 Rc8 23. Qg5 h5 24. f5 Bf6 1/2-1/2

[Event "Asian Individual 2025"]
[Site "Al Ain UAE"]
[Date "2025.05.07"]
[Round "1.18"]
[White "Pranesh, M"]
[Black "Liyanage, Ranindu Dilshan"]
[Result "1-0"]
[WhiteTitle "GM"]
[BlackTitle "IM"]
[WhiteElo "2576"]
[BlackElo "2387"]
[WhiteFideId "35028600"]
[BlackFideId "9915834"]
[EventDate "2025.05.07"]

1. e4 e5 2. Nf3 Nc6 3. Bb5 a6 4. Ba4 Nf6 5. Nc3 Be7 6. O-O b5 7. Bb3 d6 8. a4
Rb8 9. axb5 axb5 10. d3 h6 11. Nd5 O-O 12. c3 Re8 13. Be3 Bb7 14. Re1 Bf8 15.
Nxf6+ Qxf6 16. Bd5 Nd8 17. Bxb7 Nxb7 18. Ra7 Qe6 19. Qc2 c5 20. Rea1 Rec8 21.
R7a6 Nd8 22. Qb1 b4 23. cxb4 Rxb4 24. Bd2 Rbb8 25. Bc3 Nc6 26. h3 Be7 27. Nd2 d5
28. exd5 Qxd5 29. Nc4 Rd8 30. Ne3 Qd7 31. Qd1 Nb4 32. Bxb4 cxb4 33. Qh5 Bg5 34.
Ng4 g6 35. Nxh6+ Bxh6 36. Qxh6 Qxd3 37. Qg5 Qe4 38. Rf6 Rd7 39. h4 Qe2 40. Raa6
Rf8 41. Rxg6+ fxg6 42. Rxg6+ Kf7 43. Rf6+ Ke8 44. Re6+ 1-0

[Event "Asian Individual 2025"]
[Site "Al Ain UAE"]
[Date "2025.05.07"]
[Round "1.19"]
[White "Omonov, Asrorjon"]
[Black "Iniyan, Pa"]
[Result "0-1"]
[WhiteTitle "FM"]
[BlackTitle "GM"]
[WhiteElo "2387"]
[BlackElo "2573"]
[WhiteFideId "14212552"]
[BlackFideId "25002767"]
[EventDate "2025.05.07"]

1. d4 Nf6 2. c4 e6 3. Nc3 Bb4 4. e3 O-O 5. Bd3 d5 6. a3 Bxc3+ 7. bxc3 dxc4 8.
Bxc4 c5 9. Ne2 Qc7 10. Bd3 Nc6 11. f4 b6 12. O-O Bb7 13. Ng3 Ne7 14. Qe2 Nf5 15.
e4 Nxg3 16. hxg3 Qc6 17. Re1 h5 18. Bb2 Rad8 19. Rad1 Ng4 20. Rd2 Kh8 21. Bb1 f5
22. Qd1 Qd6 0-1

[Event "Asian Individual 2025"]
[Site "Al Ain UAE"]
[Date "2025.05.07"]
[Round "1.20"]
[White "Bai, Jinshi"]
[Black "Zhu, Hengyi"]
[Result "1/2-1/2"]
[WhiteTitle "GM"]
[WhiteElo "2572"]
[BlackElo "2385"]
[WhiteFideId "8602280"]
[BlackFideId "8611211"]
[EventDate "2025.05.07"]

1. Nf3 Nf6 2. d4 d5 3. g3 e6 4. Bg2 Be7 5. O-O O-O 6. b3 c5 7. dxc5 Bxc5 8. c4
Nc6 9. cxd5 Nxd5 10. Bb2 b6 11. Nbd2 Bb7 12. a3 a5 13. Qb1 h6 14. Rd1 Ba6 15. e3
Be2 16. Re1 Bb5 17. Ne4 Be7 18. Rd1 Qc7 19. Nc3 Nxc3 20. Bxc3 Rfd8 1/2-1/2

[Event "Asian Individual 2025"]
[Site "Al Ain UAE"]
[Date "2025.05.07"]
[Round "1.21"]
[White "Aradhya, Garg"]
[Black "Ganguly, Surya Shekhar"]
[Result "0-1"]
[WhiteTitle "IM"]
[BlackTitle "GM"]
[WhiteElo "2383"]
[BlackElo "2569"]
[WhiteFideId "25006746"]
[BlackFideId "5002150"]
[EventDate "2025.05.07"]

1. e4 c5 2. Nf3 e6 3. d4 cxd4 4. Nxd4 Nf6 5. Nc3 Nc6 6. Ndb5 Bc5 7. Bf4 O-O 8.
Bc7 Qe7 9. Bd6 Bxd6 10. Qxd6 Qd8 11. O-O-O a6 12. Nd4 Qb6 13. Nxc6 Qxc6 14. f3
Ne8 15. Qxc6 bxc6 16. Na4 Nf6 17. Rd6 Ne8 18. Rd1 Nf6 19. e5 Nd5 20. c4 Ne3 21.
Rd6 Nf5 22. Rd2 Rb8 23. Bd3 Ne7 24. Rhd1 f6 25. f4 fxe5 26. fxe5 Rf4 27. b3 Nf5
28. Bxf5 Rxf5 29. Re2 Kf7 30. Nc5 Ke7 31. Kb2 Rh5 32. g3 Rf5 33. Rd3 Ra8 34. a3
Ra7 35. b4 Ra8 36. a4 Rb8 37. Kc3 Rf1 38. Rb2 Re1 39. Kd4 Rb6 40. Ne4 Ra1 41.
Nd6 Rb8 42. b5 axb5 43. axb5 cxb5 44. cxb5 Rf1 45. b6 Bb7 46. Ra3 Rd1+ 47. Kc3
Rd5 48. Ra7 Rc5+ 49. Kb4 Rc6 50. Rxb7 Rxb7 51. Nxb7 Rxb6+ 52. Kc3 Rc6+ 53. Kd4
Rc1 54. Re2 Rd1+ 55. Kc3 Rd5 56. Nd6 g6 57. Nc4 Rd1 58. Rd2 Rc1+ 59. Kb4 Rb1+
60. Kc5 Rc1 61. Rd4 Rb1 62. Nb6 Rc1+ 63. Kb5 Rc7 64. Rc4 Rb7 65. Ka6 Rb8 66. Rc8
Rxc8 67. Nxc8+ Kd8 68. Kb7 Ke8 69. Kc7 0-1

[Event "Asian Individual 2025"]
[Site "Al Ain UAE"]
[Date "2025.05.07"]
[Round "1.22"]
[White "Karthik, Venkataraman"]
[Black "Poormosavi, Seyed Kian"]
[Result "1-0"]
[WhiteTitle "GM"]
[BlackTitle "IM"]
[WhiteElo "2565"]
[BlackElo "2379"]
[WhiteFideId "25006479"]
[BlackFideId "12585807"]
[EventDate "2025.05.07"]

1. d4 Nf6 2. c4 b6 3. Nc3 Bb7 4. Qc2 d5 5. cxd5 Nxd5 6. e4 Nxc3 7. bxc3 e6 8.
Nf3 Be7 9. Bf4 O-O 10. Bd3 c5 11. d5 exd5 12. exd5 h6 13. O-O Bd6 14. Bxd6 Qxd6
15. c4 Nd7 16. a4 Rfe8 17. Rfe1 Ne5 18. Nxe5 Rxe5 19. Qb2 Rxe1+ 20. Rxe1 Ba6 21.
h4 Kf8 22. h5 Bc8 23. a5 Bd7 24. axb6 axb6 25. Rb1 Rb8 26. Qe2 Qf4 27. Qa2 Bg4
28. Qa7 Qd6 29. Bc2 Bxh5 30. Ba4 Be2 31. Bb5 Rd8 32. Re1 Bg4 33. Bc6 Qb8 34.
Qe7+ Kg8 35. Ra1 Qd6 36. Ra7 Qxe7 37. Rxe7 Kf8 38. Rb7 Bc8 39. Rxb6 Ke7 40. Bb5
Rd6 41. Rb8 Kd8 42. Ra8 Rf6 43. Ra7 h5 44. f3 g5 45. Kh2 h4 46. Bc6 g4 47. fxg4
Bxg4 48. Ra5 Ke7 49. Rxc5 Rf2 50. Kg1 Rc2 51. Ba4 Rd2 52. Rc7+ Kf6 53. Be8 Bh5
54. Kh2 Bg6 55. Bc6 Be4 56. d6 Rxg2+ 57. Kh3 Bxc6 58. Rxc6 Rg8 59. c5 Ke6 60.
Rc7 f5 61. d7 f4 62. Kxh4 f3 63. Rc8 f2 64. Rxg8 f1=Q 65. d8=Q Qh1+ 66. Kg5 Qg2+
67. Kh5 Qh3+ 68. Qh4 Qf5+ 69. Kh6 Kd5 1-0